[Event "Solingen Karneval op"]
[Site "Solingen"]
[Date "2012.02.19"]
[Round "4"]
[White "Rosenauer, Horst"]
[Black "Oezluegedik, Mustafa"]
[Result "1-0"]
[WhiteElo "1836"]
[BlackElo "1586"]
[PlyCount "73"]
[EventDate "2012.02.17"]
[EventType "swiss"]
[EventRounds "5"]
[EventCountry "GER"]
[SourceTitle "EXT 2015"]
[Source "ChessBase"]
[SourceDate "2014.11.20"]
[SourceVersion "1"]
[SourceVersionDate "2014.11.20"]
[SourceQuality "1"]

1. e4 d5 2. exd5 Nf6 3. d4 Bg4 4. Nf3 Qxd5 5. Be2 Nc6 6. c3 0-0-0 7. 0-0 e6 8. Be3 h5 9. Nbd2 h4 10. h3 Bf5 11. Qa4 Qa5 12. Qxa5 Nxa5 13. Ne5 Bg6 14. Bf3 b6 15. b4 Nb7 16. Nc6 Rd7 17. Nxa7+ Kb8 18. Nc6+ Kc8 19. Ne5 Re7 20. Bg5 Nd6 21. a4 Bh5 22. Bc6 Nd5 23. Bxe7 Nxe7 24. Bf3 f6 25. Ng4 Nd5 26. Bxd5 exd5 27. Ne3 Bf7 28. Rfe1 Nb7 29. Nb3 c5 30. bxc5 bxc5 31. a5 cxd4 32. cxd4 Nd6 33. a6 Kb8 34. Nc5 Ka7 35. Nc2 Be8 36. Nb4 Bf7 37. Nc6+ 1-0